<?xml version="1.0" encoding="UTF-8"?><record xmlns="http://www.loc.gov/MARC21/slim" xmlns:zs="http://docs.oasis-open.org/ns/search-ws/sruResponse">
  <leader>02468cas a22005417a 4500</leader>
  <controlfield tag="001">21313060</controlfield>
  <controlfield tag="005">20250701132734.7</controlfield>
  <controlfield tag="008">840119d187u1913sduwr ne      0   a0eng d</controlfield>
  <datafield ind1=" " ind2=" " tag="010">
    <subfield code="a">sn 84022137 </subfield>
  </datafield>
  <datafield ind1="0" ind2=" " tag="022">
    <subfield code="a">2689-6338</subfield>
    <subfield code="2">1</subfield>
  </datafield>
  <datafield ind1="1" ind2=" " tag="029">
    <subfield code="a">AU@</subfield>
    <subfield code="b">000025814305</subfield>
  </datafield>
  <datafield ind1=" " ind2=" " tag="035">
    <subfield code="a">(OCoLC)10315740</subfield>
  </datafield>
  <datafield ind1=" " ind2=" " tag="040">
    <subfield code="a">NPX</subfield>
    <subfield code="b">eng</subfield>
    <subfield code="c">NPX</subfield>
    <subfield code="d">NPU</subfield>
    <subfield code="d">DLC</subfield>
    <subfield code="d">MGN</subfield>
    <subfield code="d">SXN</subfield>
    <subfield code="d">OCLCQ</subfield>
    <subfield code="d">OCLCF</subfield>
    <subfield code="d">OCLCO</subfield>
    <subfield code="d">DLC</subfield>
    <subfield code="d">OCLCQ</subfield>
    <subfield code="d">DLC</subfield>
    <subfield code="d">OCLCL</subfield>
  </datafield>
  <datafield ind1=" " ind2=" " tag="042">
    <subfield code="a">msc</subfield>
    <subfield code="a">nsdp</subfield>
  </datafield>
  <datafield ind1=" " ind2=" " tag="043">
    <subfield code="a">n-us-sd</subfield>
  </datafield>
  <datafield ind1="0" ind2="0" tag="050">
    <subfield code="a">Newspaper</subfield>
  </datafield>
  <datafield ind1="1" ind2="0" tag="082">
    <subfield code="a">071.3</subfield>
    <subfield code="2">23</subfield>
    <subfield code="1">https://id.oclc.org/worldcat/ddc/E3MJ87dMTw4ByGq4RJYrdRdTc3</subfield>
  </datafield>
  <datafield ind1=" " ind2="0" tag="222">
    <subfield code="a">Union County courier</subfield>
    <subfield code="b">(Print)</subfield>
  </datafield>
  <datafield ind1="0" ind2="0" tag="245">
    <subfield code="a">Union County courier.</subfield>
  </datafield>
  <datafield ind1=" " ind2=" " tag="260">
    <subfield code="a">Elk Point, Union County, D.T. [S.D.] :</subfield>
    <subfield code="b">C.F. Mallahan</subfield>
  </datafield>
  <datafield ind1=" " ind2=" " tag="300">
    <subfield code="a">volumes</subfield>
  </datafield>
  <datafield ind1=" " ind2=" " tag="310">
    <subfield code="a">Weekly</subfield>
  </datafield>
  <datafield ind1=" " ind2=" " tag="336">
    <subfield code="a">text</subfield>
    <subfield code="b">txt</subfield>
    <subfield code="2">rdacontent</subfield>
  </datafield>
  <datafield ind1=" " ind2=" " tag="337">
    <subfield code="a">unmediated</subfield>
    <subfield code="b">n</subfield>
    <subfield code="2">rdamedia</subfield>
  </datafield>
  <datafield ind1=" " ind2=" " tag="338">
    <subfield code="a">volume</subfield>
    <subfield code="b">nc</subfield>
    <subfield code="2">rdacarrier</subfield>
  </datafield>
  <datafield ind1="0" ind2=" " tag="362">
    <subfield code="a">-v.42, no. 22 (Mar. 20,1913).</subfield>
  </datafield>
  <datafield ind1=" " ind2=" " tag="530">
    <subfield code="a">Available on microfilm from: State Archives, South Dakota State Historical Society.</subfield>
  </datafield>
  <datafield ind1=" " ind2=" " tag="530">
    <subfield code="a">Archived issues are available in digital format from the Library of Congress Chronicling America online collection.</subfield>
  </datafield>
  <datafield ind1=" " ind2=" " tag="580">
    <subfield code="a">Merged with: Elk Point leader, to form: The leader-courier.</subfield>
  </datafield>
  <datafield ind1=" " ind2=" " tag="588">
    <subfield code="a">Description based on: Vol. 7, no. 1 (Nov. 21, 1877).</subfield>
  </datafield>
  <datafield ind1=" " ind2="0" tag="651">
    <subfield code="a">Dakota Territory</subfield>
    <subfield code="v">Newspapers.</subfield>
  </datafield>
  <datafield ind1=" " ind2="0" tag="651">
    <subfield code="a">Elk Point (S.D.)</subfield>
    <subfield code="v">Newspapers.</subfield>
  </datafield>
  <datafield ind1=" " ind2="0" tag="651">
    <subfield code="a">Union County (S.D.)</subfield>
    <subfield code="v">Newspapers.</subfield>
  </datafield>
  <datafield ind1=" " ind2="7" tag="651">
    <subfield code="a">South Dakota</subfield>
    <subfield code="z">Elk Point.</subfield>
    <subfield code="2">fast</subfield>
    <subfield code="0">(OCoLC)fst01229414</subfield>
  </datafield>
  <datafield ind1=" " ind2="7" tag="651">
    <subfield code="a">South Dakota</subfield>
    <subfield code="z">Union County.</subfield>
    <subfield code="2">fast</subfield>
    <subfield code="0">(OCoLC)fst01206335</subfield>
    <subfield code="1">https://id.oclc.org/worldcat/entity/E39PBJkhHfwR6yHKH664hvJJjC</subfield>
  </datafield>
  <datafield ind1=" " ind2="7" tag="651">
    <subfield code="a">United States</subfield>
    <subfield code="z">Dakota Territory.</subfield>
    <subfield code="2">fast</subfield>
    <subfield code="0">(OCoLC)fst01228148</subfield>
  </datafield>
  <datafield ind1=" " ind2="7" tag="655">
    <subfield code="a">Newspapers.</subfield>
    <subfield code="2">fast</subfield>
    <subfield code="0">(OCoLC)fst01423814</subfield>
  </datafield>
  <datafield ind1=" " ind2=" " tag="752">
    <subfield code="a">United States</subfield>
    <subfield code="b">South Dakota</subfield>
    <subfield code="c">Union</subfield>
    <subfield code="d">Elk Point.</subfield>
  </datafield>
  <datafield ind1="0" ind2=" " tag="775">
    <subfield code="t">Daily courier (Elk Point, S.D.)</subfield>
    <subfield code="x">2766-7979</subfield>
    <subfield code="w">(DLC)  2018270509</subfield>
    <subfield code="w">(OCoLC)1047728209</subfield>
  </datafield>
  <datafield ind1="0" ind2="8" tag="776">
    <subfield code="i">Online version:</subfield>
    <subfield code="t">Union County courier</subfield>
    <subfield code="x">2689-6346</subfield>
    <subfield code="w">(DLC)  2019271423</subfield>
    <subfield code="w">(OCoLC)1128869557</subfield>
  </datafield>
  <datafield ind1="1" ind2="7" tag="785">
    <subfield code="t">Elk Point leader</subfield>
    <subfield code="w">(DLC)sn 99062038</subfield>
    <subfield code="w">(OCoLC)42920524</subfield>
  </datafield>
  <datafield ind1="1" ind2="7" tag="785">
    <subfield code="t">Leader-courier</subfield>
    <subfield code="w">(DLC)sn 99062039</subfield>
    <subfield code="w">(OCoLC)42920424</subfield>
  </datafield>
  <datafield ind1="4" ind2="1" tag="859">
    <subfield code="u">http://www.loc.gov/chroniclingamerica/lccn/sn84022137/issues</subfield>
  </datafield>
  <datafield ind1=" " ind2=" " tag="906">
    <subfield code="a">7</subfield>
    <subfield code="b">cbc</subfield>
    <subfield code="c">sercoop</subfield>
    <subfield code="d">2</subfield>
    <subfield code="e">ncip</subfield>
    <subfield code="f">19</subfield>
    <subfield code="g">n-oclcserc</subfield>
  </datafield>
  <datafield ind1="0" ind2=" " tag="925">
    <subfield code="a">Acquire</subfield>
    <subfield code="b">1 shelf copy</subfield>
    <subfield code="x">policy default 2019-11-26</subfield>
  </datafield>
  <datafield ind1=" " ind2=" " tag="955">
    <subfield code="b">sr02 2019-11-26</subfield>
    <subfield code="k">sr02 2019-11-26</subfield>
  </datafield>
  <datafield ind1=" " ind2=" " tag="955">
    <subfield code="a">LCAP batch update 2025-06-02-04:00: LCAPM-893</subfield>
  </datafield>
  <datafield ind1=" " ind2=" " tag="985">
    <subfield code="a">serpull/chronam</subfield>
    <subfield code="e">ndnp</subfield>
  </datafield>
</record>
